000 02008nam0a2200385 4500
001 RU\NLR\BIBL_A\012249118
005 20200703161032.0
010 _a978-5-7444-4692-5
_9500
021 _aRU
_bКН-П-20-007329
_9КН-П-20-0551
035 _a(NLR Aleph) 012249118
035 _a(RuMoRGB)010278979
090 _a11072664
_c11072664
100 _a20200318d2019 k y0rusy50 ca
101 0 _arus
_akor
102 _aRU
105 _ay|||z|||000zy
181 0 _ai
_baxxe
182 0 _an
200 1 _aЭтногенез корейцев в работах учёных Южной и Северной Кореи
_eмонография
_fВ. С. Акуленко
_gДальневосточный федеральный университет, Восточный институт - Школа региональных и международных исследований, Центр корееведческих исследований
203 _aТекст
_bвизуальный
_cнепосредственный
210 _aВладивосток
_cИзд-во ДВФУ
_d2019
215 _a179, [1] с.
_cил., табл.
_d21
300 _aНа доп. тит. л. загл. и авт. также на англ. яз.: Ethnogenesis of the Korean people: south and North Korean scholarly perspectives / Vadim S. Akulenko
300 _aТекст рус., корейск.
320 _aБиблиогр.: с. 160-174 (170 назв.) и в подстроч. примеч.
517 1 _6z20790
_aEthnogenesis of the Korean people: south and North Korean scholarly perspectives
606 1 _aКорейцы
_xЭтногенез
_xИсториография корейская
_2nlr_sh2
_3RU\NLR\AUTH\6601671200
686 1 _aТ3(5Ко)0-01г
700 1 _aАкуленко
_bВ. С.
_gВадим Сергеевич
790 1 _6z20517
_aAkulenko
_bV. S.
_gVadim Sergeevič
942 _cBOOK
980 _aNBR
980 _aNB